Text Book of Phytopharmaceuticals (Record no. 8390)

MARC details
000 -LEADER
fixed length control field 00369nam a2200145Ia 4500
008 - FIXED-LENGTH DATA ELEMENTS--GENERAL INFORMATION
fixed length control field 191201s2018 xx 000 0 und d
082 ## - DEWEY DECIMAL CLASSIFICATION NUMBER
Classification number 615.32 YAT
100 ## - MAIN ENTRY--PERSONAL NAME
Personal name Yadav, Adhikraov
245 #0 - TITLE STATEMENT
Title Text Book of Phytopharmaceuticals
260 ## - PUBLICATION, DISTRIBUTION, ETC. (IMPRINT)
Name of publisher, distributor, etc Nirali Prakashan
Place of publication, distribution, etc New Delhi
Date of publication, distribution, etc 2018
300 ## - PHYSICAL DESCRIPTION
Extent Misc.
650 ## - SUBJECT ADDED ENTRY--TOPICAL TERM
Topical term or geographic name as entry element Pathology
700 ## - ADDED ENTRY--PERSONAL NAME
Personal name Jadhav & Kadam
942 ## - ADDED ENTRY ELEMENTS (KOHA)
Source of classification or shelving scheme Dewey Decimal Classification
Koha item type Text Books
Holdings
Withdrawn status Lost status Source of classification or shelving scheme Damaged status Not for loan Collection code Home library Current library Date acquired Source of acquisition Cost, normal purchase price Bill Number Total Checkouts Full call number Acc. no. / Barcode Date last seen Actual Cost, discounted price Bill Date Koha item type
    Dewey Decimal Classification     Diploma in Pharmacy PIET C-LIBRARY PIET C-LIBRARY 26/03/2019 Kirti Prakashan 125.00 IN 3253   615.32 YAT DP721 04/12/2019 92.50 18/03/2019 Reference Books
    Dewey Decimal Classification     Diploma in Pharmacy PIET C-LIBRARY PIET C-LIBRARY 26/03/2019 Kirti Prakashan 125.00 IN 3253   615.32 YAT DP722 04/12/2019 92.50 18/03/2019 Text Books
    Dewey Decimal Classification     Diploma in Pharmacy PIET C-LIBRARY PIET C-LIBRARY 26/03/2019 Kirti Prakashan 125.00 IN 3253   615.32 YAT DP723 04/12/2019 92.50 18/03/2019 Text Books

Design & Developed by: PIET Central Library
R70 Miles Stone Pattikalyana Samalkha Panipat 132102
mail ID :- [email protected], Phone No:- 0180-2569700 Ex.216